Reflexiones sobre el sentido político de los fueros de Vizcaya / (Record no. 164277)

MARC details
000 -LEADER
campo de control de longitud fija 00749nam a22001935i 4500
001 - NÚMERO DE CONTROL
campo de control 164277
003 - IDENTIFICADOR DE NÚMERO DE CONTROL
campo de control ES-MaACL
005 - FECHA Y HORA DE LA ÚLTIMA TRANSACCIÓN
campo de control 20250930063144.0
008 - DATOS DE LONGITUD FIJA--INFORMACIÓN GENERAL
campo de control de longitud fija 990316s1871 sp |||| | spa d
040 ## - FUENTE DE CATALOGACIÓN
Centro catalogador/agencia de origen CCPB | B
Lengua de catalogación spa
Centro/agencia transcriptor CCPB | B
080 ## - NÚMERO DE LA CLASIFICACIÓN DECIMAL UNIVERSAL
Número de la Clasificación Decimal Universal 34(460.152)
100 1# - ENTRADA PRINCIPAL--NOMBRE DE PERSONA
Nombre de persona Sagarmínaga, Fidel de,
Fechas asociadas al nombre 1830-1894
9 (RLIN) 101407
245 10 - MENCIÓN DEL TÍTULO
Título Reflexiones sobre el sentido político de los fueros de Vizcaya /
Mención de responsabilidad, etc. por Fidel de Sagarmínaga.
260 ## - PUBLICACIÓN, DISTRIBUCIÓN, ETC.
Lugar de publicación, distribución, etc. Bilbao :
Nombre del editor, distribuidor, etc. [s.n.],
Fecha de publicación, distribución, etc. 1871 (
Fabricante Imprenta y Litografía de Juan E. Delmas)
300 ## - DESCRIPCIÓN FÍSICA
Extensión 111 p. ;
Dimensiones 20 cm.
650 04 - PUNTO DE ACCESO ADICIONAL DE MATERIA--TÉRMINO DE MATERIA
Término de materia o nombre geográfico como elemento de entrada Fueros-
Subdivisión geográfica Vizcaya.
9 (RLIN) 12996
852 ## - LOCALIZACIÓN
Ubicación ES-MaACL
Número de control de estantería T-195-F-4
Nota libre -- Enc. hol., falto de la cub. original
condición física -- Falto de antep.
Nota libre -- Enc. en un vol. facticio
Holdings
Estatus retirado Estado de pérdida Estado de daño No para préstamo Colección Biblioteca de origen Biblioteca actual Ubicación en estantería Fecha de adquisición Total de préstamos Signatura topográfica completa Código de barras Visto por última vez Precio de reemplazo Tipo de ítem Koha
        Colección de folletos Biblioteca del Ateneo de Madrid Biblioteca del Ateneo de Madrid Depósito folletos 17/01/2008   T-195-F-4 1172190 23/02/2023 23/02/2023 Folleto